| 000 | 00967cam a2200193 4500 | ||
|---|---|---|---|
| 008 | 021024n2002 000 0 eng u | ||
| 035 | _a(Sirsi) u120227 | ||
| 245 | _aWind technology | ||
| 260 | _c2002 | ||
| 490 |
_aRICS Environment Faculty News _v 22 October 2002, (2) |
||
| 520 | _aTwo schemes in North Wales and Norfolk are the first of 18 potential sites to achieve permission to develop offshore wind plants. Government has allocated almost £300m of direct financial support for green energy and aims to create a £2bn market for renewable energy by 2010. For the RICS Environment Faculty News Release: http://www.rics.org/ricscms/bin/show?class=News&template=/includes/shownews.html&id=4003&faculty=Environment&faculty=All%20Faculties | ||
| 590 | _aWB | ||
| 650 | _aWIND ENERGY | ||
| 650 | _aNORTH WALES | ||
| 650 | _aNORFOLK | ||
| 650 | _aRENEWABLES OBLIGATION | ||
| 690 | _aENVIRONMENTAL AND LAND CONSULTANCY-ENVIRONMENTAL MANAGEMENT | ||
| 942 | _n0 | ||
| 999 |
_c71423 _d71423 |
||